Neurotransmitter Strukturformelzuordnung - Statistiken

Allgemein
  • Dieses Quiz wurde 12 mal gespielt
  • Das Durchschnittsergebnis liegt bei 3 aus 7
Antwortstatistiken
Frage Antwort % Korrekt
Acetylcholin
70%
Melatonin
60%
Adrenalin
50%
Vasopressin
50%
Noradrenalin
40%
Serotonin
40%
Dopamin
30%
Keine übereinstimmenden Quizze gefunden
Verteilung der Resultate
Anzahl Personen mit jedem Resultat
Perzentil nach korrekt beantworteten Fragen
Ihre Resultats-Entwicklung
Sie haben dieses Quiz noch nicht gespielt